000 00360nam a22001217a 4500
999 _c575
_d575
005 20200815142706.0
008 200815b ||||| |||| 00| 0 eng d
020 _a0582297133
040 _cCML
245 _aWorld Politics Since 1945.
_cCalvocoressi, P.
260 _aLondon
_bLongman Group Uk Ltd
_c1968
942 _2ddc
_cBK
_e5th Edition
_h320
_mCAL